Daňové úniky v sektore domácností v Českej a Slovenskej republike

Na minha lista:
Detalhes bibliográficos
Autor principal: Orviská, Marta
Outros Autores: Čaplánová, Anetta, 1967-
Formato: Capítulo de Livro
Idioma:eslovaco
Tags: Adicionar Tag
Sem tags, seja o primeiro a adicionar uma tag!

MARC

LEADER 00000naa$a2200000$$$4500
001 0109964
005 20240502072218.6
041 0 |a slo 
044 |a SK 
245 1 0 |a Daňové úniky v sektore domácností v Českej a Slovenskej republike  |c Marta Orviská, Anetta Čaplánová 
100 1 |a Orviská, Marta 
700 1 |a Čaplánová, Anetta, 1967-